La storia e il suo ambiente : atlantino storico per le scuole medie: Evo moderno

Salvato in:
Dettagli Bibliografici
Autore principale: Crinò, Sebastiano (Autore)
Natura: Libro
Lingua:italiano
Pubblicazione: Roma : Albrighi, Segati e C., 1934
Catalogo:EDISCO:  Risultati della ricerca del catalogo della biblioteca
Libro di testo Classificazione:
Soggetti:
Tags: Aggiungi Tag
Nessun Tag, puoi essere il primo ad aggiungerne!!
Aggiunto a:2016-04-30
Cambiato in:2017-12-22

MARC

LEADER 00000aam a22000005 4500
001 09692
003 OSt
005 20171222114232.0
008 160501s1934 it 000 0 ita
999 |c 9681  |d 9681 
040 |c Elena Facco - Padova - CUBI 
041 1 |a ita 
100 |a Crinò, Sebastiano  |9 409  |e Author 
245 0 0 |a La storia e il suo ambiente :   |b atlantino storico per le scuole medie: Evo moderno /   |c Sebastiano Crinò 
260 |a Roma :   |b Albrighi, Segati e C.,   |c 1934 
300 |a 67 p. : ill., 3/3 ;   |c in 4° 
510 3 |a L. 8.50 
546 |a ita 
650 |a Storia  |9 28 
655 |a Manuale  |9 29 
690 |a Secondaria inferiore  |x Media  |9 333 
901 |a 5 
942 |2 ddc  |c BK 
999 |c edisco:9681  |d 9681